Statistics for Billboard Hot 100 Year-End Singles of 2018

Click here to take the quiz!

General Stats

  • This quiz has been taken 287 times
  • The average score is 64 of 100

Answer Stats

#SongArtist% Correct
1God's PlanDrake
98%
9In My FeelingsDrake
98%
25Yes IndeedLil Baby & Drake
98%
86I'm UpsetDrake
98%
2PerfectEd Sheeran
98%
52NonstopDrake
98%
11Nice For WhatDrake
98%
71Shape Of YouEd Sheeran
98%
14FinesseBruno Mars & Cardi B
96%
7I Like ItCardi B, Bad Bunny & J Balvin
95%
34MotorSportMigos, Nicki Minaj & Cardi B
95%
61Bartier CardiCardi B featuring 21 Savage
94%
59Be CarefulCardi B
94%
54Bodak Yellow (Money Moves)Cardi B
94%
18Never Be The SameCamila Cabello
92%
5RockstarPost Malone featuring 21 Savage
92%
13Better NowPost Malone
92%
39I Fall ApartPost Malone
92%
6PsychoPost Malone featuring Ty Dolla $ign
92%
62God Is A WomanAriana Grande
91%
20No Tears Left To CryAriana Grande
91%
89What Lovers DoMaroon 5 featuring SZA
88%
10Girls Like YouMaroon 5 featuring Cardi B
88%
58WaitMaroon 5
88%
69NaturalImagine Dragons
86%
37Whatever It TakesImagine Dragons
86%
100BelieverImagine Dragons
86%
22ThunderImagine Dragons
86%
77EastsideBenny Blanco, Halsey & Khalid
85%
98IDGAFDua Lipa
83%
16New RulesDua Lipa
83%
4HavanaCamila Cabello featuring Young Thug
83%
68One KissCalvin Harris & Dua Lipa
83%
19Love LiesKhalid & Normani
82%
67Young Dumb & BrokeKhalid
80%
51This Is AmericaChildish Gambino
80%
94ChangesXXXTentacion
79%
88MoonlightXXXTentacion
79%
60WolvesSelena Gomez & Marshmello
79%
17Sad!XXXTentacion
79%
12Lucid DreamsJuice Wrld
76%
841-800-273-8255Logic featuring Alessia Cara & Khalid
75%
42Sicko ModeTravis Scott
75%
40Pray For MeThe Weeknd & Kendrick Lamar
75%
43Walk It Talk ItMigos featuring Drake
73%
48Stir FryMigos
73%
26FriendsMarshmello & Anne-Marie
72%
80HappierMarshmello & Bastille
72%
46In My BloodShawn Mendes
72%
49Too Good At GoodbyesSam Smith
70%
47All The StarsKendrick Lamar & SZA
69%
44Gucci GangLil Pump
68%
64Sorry Not SorryDemi Lovato
67%
45Him & IG-Eazy & Halsey
67%
41Back To YouSelena Gomez
67%
3Meant To BeBebe Rexha & Florida Georgia Line
66%
79King's DeadJay Rock, Kendrick Lamar, Future & James Blake
63%
78Call Out My NameThe Weeknd
62%
8The MiddleZedd, Maren Morris & Grey
62%
36Youngblood5 Seconds of Summer
62%
31Fefe6ix9ine featuring Nicki Minaj & Murda Beatz
62%
56Gummo6ix9ine
62%
24DelicateTaylor Swift
60%
50LoveKendrick Lamar featuring Zacari
59%
55Freaky FridayLil Dicky featuring Chris Brown
58%
27Bad At LoveHalsey
58%
73No BrainerDJ Khaled featuring Justin Bieber, Chance The Rapper & Quavo
58%
33Feel It StillPortugal. The Man
52%
90XNicky Jam & J Balvin
51%
99Mi GenteJ Balvin & Willy William featuring Beyoncé
50%
83LemonN.E.R.D & Rihanna
46%
92TripElla Mai
43%
30No LimitG-Eazy featuring A$AP Rocky & Cardi B
43%
28TasteTyga featuring Offset
43%
15Boo'd UpElla Mai
43%
21MineBazzi
41%
65How LongCharlie Puth
41%
35I Like Me BetterLauv
40%
38Ric Flair DripOffset & Metro Boomin
40%
29Let You DownNF
37%
81Te BotéCasper Mágico, Nio García, Darell, Nicky Jam, Ozuna & Bad Bunny
34%
23Look AliveBlocBoy JB featuring Drake
32%
57Plug WalkRich the Kid
31%
32TequilaDan + Shay
31%
74Plain JaneA$AP Ferg featuring Nicki Minaj
31%
82SimpleFlorida Georgia Line
30%
72I Get The BagGucci Mane featuring Migos
30%
85Say SomethingJustin Timberlake featuring Chris Stapleton
28%
66Lights Down LowMax featuring Gnash
27%
95MercyBrett Young
27%
97PowerglideRae Sremmurd featuring Juicy J
26%
75Sky WalkerMiguel featuring Travis Scott
25%
63Big BankYG featuring 2 Chainz, Big Sean & Nicki Minaj
19%
93DuraDaddy Yankee
19%
53HeavenKane Brown
16%
91Outside TodayYoungBoy Never Broke Again
15%
70You Make It EasyJason Aldean
12%
76Marry MeThomas Rhett
11%
96One Number AwayLuke Combs
10%
87Get AlongKenny Chesney
7%

Score Distribution

Percentile by Number Answered

Percent of People with Each Score

Your Score History

You have not taken this quiz